[Event "BL2-N9697"]
[Site "Germany"]
[Date "1996.??.??"]
[Round "?.3"]
[White "Becker, W."]
[Black "Berndt, Stephan"]
[Result "0-1"]
[WhiteElo "2330"]
[BlackElo "2370"]

1.e4 c5 2.Nf3 d6 3.Bb5+ Nd7 4.d4 Nf6 5.e5 cxd4 6.Qxd4 dxe5 7.Nxe5 a6 8.Nxd7 Bxd7
9.Bxd7+ Qxd7 10.Qxd7+ Nxd7 11.Be3 e6 12.Nd2 Bc5 13.Ke2 Ke7 14.Rhd1 Rac8 15.c3 Ne5
16.Bxc5+ Rxc5 17.f4 Nd7 18.Nf3 h6 19.Rd4 g5 20.Rad1 Nf6 21.g3 Rg8 22.a4 Rgc8
23.R1d2 R8c7 24.Rd1 Rf5 25.h3 Rfc5 26.Ne5 gxf4 27.gxf4 Nd5 28.Kf3 f6 29.Ng4 h5
30.Ne3 Nxe3 31.Kxe3 Rc4 32.Rg1 Kf7 33.Kd3 Rxd4+ 34.cxd4 Rd7 35.Ke3 Rd5 36.Rc1 b5
37.Rc5 bxa4 38.Rc7+ Kg6 39.Rc6 Kf5 40.Rxa6 Rb5 41.Rxa4 Rb3+ 42.Kf2 Rxh3 43.d5 exd5
44.Rd4 Ke6 45.b4 Rc3 46.Rd2 Rb3 47.Rd4 Kd6 48.Kg2 Rc3 49.Rd1 Rc4 50.Rb1 Rxf4
51.b5 Kc7 52.b6+ Kb7 53.Rb5 Rf5 54.Rb4 Re5 55.Kf2 Rg5 56.Ke3 Rg3+ 57.Kf2 Rg5
58.Ke3 h4 59.Rxh4 Kxb6 60.Kd4 Kc6 61.Rh6 Rf5 62.Rh8 Rf4+ 63.Kd3 Kd6 64.Re8 Rf5
65.Kd4 Rf4+ 66.Kd3 Ra4 67.Rd8+ Ke6 68.Re8+ Kf5 69.Rd8 Ke5 70.Re8+ Kf4 71.Rd8 d4
72.Re8 f5 73.Re1 Kg3 74.Rf1 f4 75.Ke4 Kg2 76.Rb1 f3 77.Rb8 f2 78.Rg8+ Kf1
79.Kd3 Ra2 80.Re8 Ra3+ 81.Kd2 Kg2  0-1

[Event "BL2-N9697"]
[Site "Germany"]
[Date "1996.??.??"]
[Round "?.3"]
[White "Cladouras, Panagiotis"]
[Black "Paulsen, Dirk"]
[Result "1-0"]
[WhiteElo "2380"]
[BlackElo "2345"]

1.e4 c5 2.Nf3 d6 3.Bb5+ Bd7 4.Bxd7+ Qxd7 5.c4 Nc6 6.O-O g6 7.Nc3 Bg7 8.d3 e6
9.Bg5 Nge7 10.Qd2 O-O 11.Bh6 f5 12.Bxg7 Kxg7 13.Qe2 e5 14.Nd5 h6 15.a3 Rf7
16.exf5 gxf5 17.Nh4 Nxd5 18.cxd5 Nd4 19.Qh5 f4 20.Qg6+ Kh8 21.Kh1 Rg7 22.Qxh6+ Kg8
23.Rae1 Rf8 24.Re4 Rff7 25.Rxd4 cxd4 26.Rc1 f3 27.g3 Rg4 28.Ng6 Rg7 29.Qh8+ Kf7
30.Nf8 Rg8 31.Qxg8+ Rxg8 32.Nxd7 e4 33.dxe4 d3 34.Rd1 Rc8 35.h4 Rc2 36.Rxd3 Rxf2
37.e5 Ke7 38.e6 Rf1+ 39.Kh2 Rf2+ 40.Kh3 Rf1 41.Kg4 f2 42.Rf3  1-0

[Event "BL2-O9697"]
[Site "Germany"]
[Date "1996.??.??"]
[Round "?.3"]
[White "Heidrich, Manfred"]
[Black "Kaminski, Uwe"]
[Result "1/2-1/2"]
[WhiteElo "2340"]
[BlackElo "2390"]

1.e4 c5 2.Nf3 d6 3.Bb5+ Bd7 4.Bxd7+ Qxd7 5.c4 Nc6 6.Nc3 g6 7.d4 cxd4 8.Nxd4 Bg7
9.Be3 Nf6 10.f3 O-O 11.Rc1 Rfc8 12.b3 Qd8 13.O-O Qa5 14.Qd2 a6 15.Rfd1 Kf8
16.Nde2 Ne5 17.Nf4 Ned7 18.Nfd5 Nxd5 19.Nxd5 Qxd2 20.Rxd2 h6 21.Kf1 Ke8 22.Ke2 Rc6
23.Nb4 Rc7 24.Nd5 Rc6  1/2-1/2

[Event "Landesliga Sued 9697 Bayern"]
[Site "Germany"]
[Date "1996.??.??"]
[Round "?"]
[White "Wuerdinger, Alexander"]
[Black "Gayer, Michael"]
[Result "0-1"]
[WhiteElo "2070"]
[BlackElo "2035"]

1.e4 c5 2.Nf3 d6 3.Bb5+ Bd7 4.Bxd7+ Qxd7 5.c4 Nc6 6.O-O Nf6 7.Nc3 g6 8.d3 Bg7
9.Bg5 h6 10.Bxf6 Bxf6 11.Qd2 g5 12.Nd5 Bg7 13.Rab1 O-O 14.a3 e6 15.Ne3 f5
16.exf5 exf5 17.Nd5 Rae8 18.Rfe1 Rxe1+ 19.Rxe1 Re8 20.b4 b6 21.b5 Nd4 22.Nxd4 Bxd4
23.Kf1 Kf7 24.Rxe8 Qxe8 25.h4 Bf6 26.Qd1 Qe5 27.Nc7 Kg6 28.hxg5 hxg5 29.Qe1 Kf7
30.Qxe5 dxe5 31.g4 fxg4 32.Ke2 e4 33.dxe4 g3 34.f3 Bd4 35.Kf1 Kf6 36.Nd5+ Ke5
37.Ne7 Kf4 38.Kg2 Bf2 39.Nf5 g4 40.fxg4 Kxg4 41.Nd6 Kf4 42.a4 Bd4 43.Nc8 Be5
44.Nxa7 Kxe4 45.Nc6 Bc7 46.Ne7 Kd3 47.Nd5 Bd8 48.a5 bxa5 49.b6 Bxb6 50.Nxb6 Kc3
51.Kxg3 Kb3 52.Kf4 a4 53.Nxa4 Kxa4 54.Ke5 Kb3  0-1

[Event "Bundesliga 9596"]
[Site "Germany"]
[Date "1996.??.??"]
[Round "?"]
[White "Heinemann, Thies"]
[Black "Dinstuhl, Volkmar"]
[Result "1/2-1/2"]
[WhiteElo "2410"]
[BlackElo "2355"]

1.e4 c5 2.Nf3 d6 3.Bb5+ Nd7 4.d4 Nf6 5.Nc3 cxd4 6.Qxd4 e5 7.Qd3 h6 8.Nd2 Be7
9.Nc4 O-O 10.Bxd7 Bxd7 11.Ne3 Rc8 12.O-O Be6 13.b3 Qa5 14.Bb2 Rfd8 15.Rfd1 a6
16.a4 Qc5 17.a5 Ng4 18.b4 Qc6 19.Ncd5 Kf8 20.c3 Nxe3 21.Nxe3 Bg5 22.Nd5 Bxd5
23.Qxd5 Qxd5 24.Rxd5 Rc4 25.f3 Ke7 26.Kf2 Ke6 27.Ke2 f5 28.Kd3 Rdc8 29.Rd1 Be7
30.g3 g6 31.h4 h5 32.Ke3 fxe4 33.fxe4 Bf8 34.R5d3 R8c7 35.Rd5 Rf7 36.Kd3 Rc8
37.Ke2 Rc4 38.Kd3 Rc8 39.Ke2 Rc6 40.Rg1 Be7 41.Rg2 Rc4 42.Kd3 Rc8 43.Ke2 Rc4
44.Kd3  1/2-1/2

[Event "Bundesliga 9596"]
[Site "Germany"]
[Date "1996.??.??"]
[Round "?"]
[White "Heinemann, Thies"]
[Black "Reeh, Oliver"]
[Result "1-0"]
[WhiteElo "2410"]
[BlackElo "2450"]

1.e4 c5 2.Nf3 d6 3.Bb5+ Bd7 4.Bxd7+ Qxd7 5.O-O Nf6 6.Re1 Nc6 7.b3 g6 8.Bb2 Bg7
9.d4 cxd4 10.Nxd4 O-O 11.c4 Nh5 12.Qd2 Nxd4 13.Bxd4 Bxd4 14.Qxd4 Nf4 15.f3 b5
16.cxb5 Qxb5 17.Nc3 Qg5 18.g3 Ne6 19.Qf2 Qc5 20.Nd5 Qxf2+ 21.Kxf2 Rfe8 22.Rac1 Kf8
23.Nc7 Nxc7 24.Rxc7 Rec8 25.Rec1 Rxc7 26.Rxc7 a5 27.Ke3 Rb8 28.Kd3 Ke8 29.Kc4 e6
30.g4 h5 31.gxh5 gxh5 32.Kc3 Rb5 33.a4 Re5 34.b4 axb4+ 35.Kxb4 f5 36.a5 Kd8
37.Rc1 fxe4 38.a6  1-0

[Event "Bundesliga 9596"]
[Site "Germany"]
[Date "1996.??.??"]
[Round "?"]
[White "Kestler, Hans Guenther"]
[Black "Reschke, Stefan"]
[Result "1/2-1/2"]
[WhiteElo "2345"]
[BlackElo "2385"]

1.e4 c5 2.Nf3 d6 3.Bb5+ Bd7 4.a4 Nc6 5.O-O e6 6.Re1 Be7 7.c3 Nf6 8.d4 cxd4
9.cxd4 d5 10.e5 Ne4 11.Nc3 Nxc3 12.bxc3 Na5 13.Bd3 Rc8 14.Bd2 Nc4 15.Bxc4 dxc4
16.Re4 h5 17.Ne1 Bc6 18.Re3 Qd7 19.a5 Qd5 20.Rh3 g6 21.Qc1 Qd8 22.Nf3 Bd5
23.Bg5  1/2-1/2

[Event "Bundesliga 9596"]
[Site "Germany"]
[Date "1996.??.??"]
[Round "?"]
[White "Kulaots, Kaido"]
[Black "Stohl, Igor"]
[Result "0-1"]
[WhiteElo "2400"]
[BlackElo "2515"]

1.e4 c5 2.Nf3 d6 3.Bb5+ Bd7 4.Bxd7+ Qxd7 5.O-O Nc6 6.c4 Ne5 7.Nc3 e6 8.d3 Ne7
9.Ng5 h6 10.Nh3 g6 11.Be3 Bg7 12.Nf4 O-O 13.h3 a6 14.Qd2 b5 15.b3 Kh7 16.Rac1 Qb7
17.Nfe2 Rfd8 18.f4 N5c6 19.f5 exf5 20.Nd5 Nxd5 21.cxd5 Ne7 22.g4 Qd7 23.Ng3 Be5
24.Bf4 Bd4+ 25.Be3 Be5 26.Bf4 Bd4+ 27.Kh1 fxg4 28.Bxh6 f6 29.Be3 Be5 30.Bf4 Ng8
31.h4 Qe7 32.h5 g5 33.Bxe5 Qxe5 34.Nf5 Nh6 35.Qg2 Rf8 36.b4 Rac8 37.bxc5 dxc5
38.Nxh6 Kxh6 39.Qxg4 f5 40.exf5 Qxd5+ 41.Qe4 Qf7 42.Rc2 c4 43.Rg2 Qf6 44.d4 c3
45.d5 Rfe8 46.Qd3 Rc4 47.Re2 Rxe2 48.Qxe2 c2 49.Qe3 Rh4+ 50.Kg2 Rf4 51.Rxf4 gxf4
52.Qd2 Qxf5 53.d6 Kxh5 54.d7 c1=Q 55.Qxc1 Qxd7 56.Qc5+ Kg4 57.Qc2 Qd5+ 58.Kh2 f3
59.Qg6+ Kf4 60.Qf6+ Ke4 61.Qg6+ Ke3 62.Qg1+ f2 63.Qc1+ Qd2 64.Qc5+ Ke2  0-1

[Event "NRW-Liga II 9596"]
[Site "Germany"]
[Date "1996.??.??"]
[Round "?"]
[White "Rechmann, Peter"]
[Black "Mukhametov, Eldar"]
[Result "1-0"]
[WhiteElo "2355"]
[BlackElo "2515"]

1.e4 c5 2.Nf3 d6 3.Bb5+ Nc6 4.Nc3 Bd7 5.Bxc6 Bxc6 6.d4 cxd4 7.Qxd4 Nf6 8.Bg5 e6
9.O-O-O Be7 10.Rhe1 O-O 11.Qd2 Qc7 12.Nd4 Rfc8 13.f3 Qb8 14.g4 b5 15.Kb1 b4
16.Nce2 a5 17.Ng3 Qb7 18.Nh5 Ne8 19.Bxe7 Qxe7 20.f4 Qh4 21.f5 e5 22.Nf3 Qxg4
23.Nxg7 Nxg7 24.Rg1 Qh5 25.Rxg7+ Kxg7 26.Rg1+ Qg6 27.fxg6 hxg6 28.Qxd6 Ra6
29.Qxe5+ Kg8 30.Rxg6+  1-0

[Event "Bundesliga 9697"]
[Site "Germany"]
[Date "1996.??.??"]
[Round "?.6"]
[White "Heinemann, Thies"]
[Black "Kraut, Rainer"]
[Result "1/2-1/2"]
[WhiteElo "2420"]
[BlackElo "2455"]

1.e4 c5 2.Nf3 d6 3.Bb5+ Bd7 4.Bxd7+ Nxd7 5.O-O Ngf6 6.Re1 e6 7.c3 Be7 8.d4 cxd4
9.cxd4 d5 10.e5 Ne4 11.Nbd2 Nxd2 12.Bxd2 O-O 13.Qb3 Qb6 14.Rec1 Rac8 15.Rxc8  1/2-1/2

[Event "Bundesliga 9697"]
[Site "Germany"]
[Date "1996.??.??"]
[Round "?.6"]
[White "Heissler, Jakob"]
[Black "Stangl, Markus"]
[Result "1-0"]
[WhiteElo "2430"]
[BlackElo "2565"]

1.e4 c5 2.Nf3 d6 3.Bb5+ Bd7 4.Bxd7+ Nxd7 5.O-O Ngf6 6.Qe2 e6 7.b3 Be7 8.Bb2 O-O
9.c4 a6 10.Nc3 Qb6 11.Kh1 Ne5 12.Nxe5 dxe5 13.f4 Rad8 14.d3 Qc7 15.f5 Rd6
16.Nd1 Nd7 17.Ne3 Rd8 18.fxe6 Rxe6 19.Nd5 Qd6 20.Rf5 Rf8 21.Raf1 Bd8 22.Qf3 Nf6
23.Qg3 Nd7 24.Bc1 Rg6 25.Qf3 Qe6 26.Be3 b6 27.a3 Nf6 28.b4 Qd6 29.bxc5 bxc5
30.h3 Nxd5 31.cxd5 Rf6 32.Rxf6 Bxf6 33.Rc1 Rc8 34.Qf5 Rc7 35.Qf2 Be7 36.Qb2 h6
37.Qf2 Qb6 38.Qc2 Qa5 39.Qb2 Bd6 40.Bd2 Qb5 41.Qc3 Rb7 42.Be3 Qa4 43.Bxc5 Rc7
44.Qb4 Qe8 45.Qb6 Qe7 46.Be3 Rxc1+ 47.Bxc1 Bxa3 48.Bxa3 Qxa3 49.Qb8+ Kh7
50.Qxe5 Qxd3 51.d6 a5 52.Qd5 Qf1+ 53.Kh2 Qf4+ 54.Kg1 Qc1+ 55.Kf2 Qc2+ 56.Kg3 Qc3+
57.Kh2 Kg8 58.d7 Qc7+ 59.e5 Qd8 60.Qc6 Kf8 61.Qc5+  1-0

[Event "NRW-Liga II 9596"]
[Site "Germany"]
[Date "1996.??.??"]
[Round "?"]
[White "Pasalic, Mehmed"]
[Black "Ziegler, Ari"]
[Result "0-1"]
[WhiteElo "2355"]
[BlackElo "2335"]

1.e4 c5 2.Nf3 d6 3.Bb5+ Nd7 4.O-O Nf6 5.Re1 a6 6.Bf1 b6 7.d4 cxd4 8.Nxd4 Bb7
9.f3 Qc7 10.c4 e6 11.b3 Be7 12.Bb2 O-O 13.Nc3 Rfe8 14.Rc1 Rac8 15.Qd2 Qb8
16.Kh1 Bd8 17.Rcd1 Bc7 18.Qf2 d5 19.exd5 Bxh2 20.Nce2 Bd6 21.dxe6 fxe6 22.Qh4 Rc5
23.g4 Nxg4 24.Qxg4 Nf6 25.Qg2 Rh5+ 26.Kg1 Rh2 27.Qg5 Rh6 28.Bg2 Rg6 29.Qh4 Rh6
30.Qg5 Rg6 31.Qh4 e5 32.Nf5 Bxf3 33.Nxd6 Rxg2+ 34.Kf1 Ng4 35.Nd4 exd4 36.Rxe8+ Qxe8
37.Nxe8 Ne3+  0-1

[Event "BL9697 (Women)"]
[Site "Germany"]
[Date "1996.??.??"]
[Round "?"]
[White "Wolf, Sylvia"]
[Black "Ulms, Sandra"]
[Result "1-0"]
[WhiteElo "2055"]
[BlackElo "2070"]

1.e4 c5 2.Nf3 d6 3.Bb5+ Bd7 4.a4 g6 5.O-O Bg7 6.Nc3 Nc6 7.d3 e6 8.Bf4 Qc7
9.Qd2 Nge7 10.Bh6 O-O 11.Bxg7 Kxg7 12.d4 cxd4 13.Nxd4 a6 14.Be2 Rfd8 15.Ra3 Rac8
16.Rc1 Ne5 17.Nd1 Ng8 18.Ne3 Nf6 19.f3 Bc6 20.c4 Qd7 21.f4 Qe8 22.Nxc6 Nxc6
23.Bf3 e5 24.Ng4 Nxg4 25.Bxg4 Rc7 26.f5 f6 27.fxg6 hxg6 28.Rh3 Kg8 29.Qh6 Rg7
30.Rf1 Qe7 31.Qh8+ Kf7 32.Qh4 Nd4 33.Rg3 Rf8 34.Qh6 Ke8 35.Bh5 Kd8 36.Kh1 g5
37.Bg6 Kc7 38.Bf5 Kb8 39.Qh5 Qf7 40.Qxf7 Rgxf7 41.Bg6 Rc7 42.b3 b5 43.axb5 axb5
44.cxb5 Rb7 45.Rxg5 Rxb5 46.Rg3 Kc7 47.Rc3+ Kb6 48.h4 Ne2 49.Re3 Nf4 50.Bf5 d5
51.exd5 Nxd5 52.Rd3 Nf4 53.Rdf3 Rg8 54.g3 Nh5 55.Kh2 Rb4 56.Be6 Rg7 57.Bc4 Kc7
58.Be2 Kb8 59.Rc3 Nxg3 60.Rxg3 Rxh4+ 61.Kg2 Rxg3+ 62.Kxg3 Rb4 63.Bc4 Rb6
64.Kg4 Kc7 65.Kf5 Kd7 66.Rh1 Rb8 67.Rh7+ Kd6 68.Rf7 Re8 69.Rxf6+ Kc5 70.Ke4 Rh8
71.Kxe5 Rd8 72.Ke4 Rd4+ 73.Ke3 Rd7 74.Rf5+ Kb4 75.Rd5 Rb7 76.Kd4 Rb8 77.Rd7 Rb6
78.Bd5 Rb8 79.Rd6 Rc8 80.Rb6+ Ka5 81.Rb7 Rc1 82.b4+ Ka4 83.b5  1-0

[Event "NRW-Liga I 9596"]
[Site "Germany"]
[Date "1996.??.??"]
[Round "?"]
[White "Ottens, Stephan"]
[Black "Borngaesser, Rene"]
[Result "0-1"]
[WhiteElo "2270"]
[BlackElo "2355"]

1.e4 c5 2.Nf3 d6 3.Bb5+ Nd7 4.d4 Nf6 5.Nc3 a6 6.Bxd7+ Nxd7 7.O-O e6 8.dxc5 Nxc5
9.Bg5 Qc7 10.Nd4 b5 11.Re1 f6 12.Bh4 b4 13.Nd5 exd5 14.exd5+ Kf7 15.Bxf6 gxf6
16.Qh5+ Kg8 17.Re8 Qf7 18.Qe2 Qxd5 19.Rd1 Bb7 20.f3 Rxe8 21.Qxe8 Qe5 22.Qd8 h5  0-1

[Event "BL9697 (Women)"]
[Site "Germany"]
[Date "1996.??.??"]
[Round "?"]
[White "Ankerst, Milka"]
[Black "Meissner, Claudia"]
[Result "1-0"]
[WhiteElo "2100"]
[BlackElo "2105"]

1.e4 c5 2.Nf3 d6 3.Bb5+ Nc6 4.d4 cxd4 5.Qxd4 Bd7 6.Bxc6 Bxc6 7.Nc3 Nf6 8.Bg5 e5
9.Qd3 Qb6 10.O-O Nd7 11.Nd5 Bxd5 12.Qxd5 h6 13.Be3 Qc7 14.c4 Be7 15.h3 O-O
16.Rfd1 Rfd8 17.b3 Qc6 18.Ne1 Nf6 19.Qxc6 bxc6 20.f3 d5 21.Nd3 Bd6 22.c5 Bb8
23.Nb4 d4 24.Nxc6 Re8 25.Bf2 a5 26.Nxb8 Raxb8 27.Be1 Rb5 28.Rac1 Rc8 29.c6 Ne8
30.Rd3 a4 31.bxa4 Rb6 32.Rb3 Rbxc6 33.Rxc6 Rxc6 34.Rb8 Re6 35.a5 Kh7 36.Bb4 f6
37.Rb6 Nc7 38.Kf2 Re8 39.Bd6 Na8 40.Rc6 Rd8 41.Ke2 Kg8 42.Kd3 Kf7 43.f4 Re8
44.Rc5 exf4 45.Bxf4 g5 46.Bg3  1-0

[Event "Glorney Cup"]
[Site "Glenalmond"]
[Date "1996.??.??"]
[Round "1"]
[White "Dyce, Andrew"]
[Black "Dearing, Eddie"]
[Result "1/2-1/2"]
[WhiteElo "2115"]
[BlackElo "2185"]

1.e4 c5 2.Nf3 d6 3.Bb5+ Bd7 4.Bxd7+ Qxd7 5.O-O Nc6 6.c3 Nf6 7.Qe2 e6 8.d4 cxd4
9.cxd4 d5 10.exd5 Nxd5 11.Nc3 Be7 12.Rd1 O-O 13.Be3 Rfd8 14.Rac1 Rac8 15.g3 h6
16.Ne4 b6 17.a3 Nf6 18.Ned2 Bd6 19.Nc4 Nd5 20.b4 Nce7 21.Nfe5 Bxe5 22.Nxe5 Qa4
23.Qh5 Rf8 24.Rxc8 Nxc8 25.Rd3 Nce7 26.Qd1 Qxd1+ 27.Rxd1 Rc8 28.Rc1 Rc3 29.Rxc3 Nxc3
30.Kf1 f6 31.Nd3 Nf5 32.g4 Nd6 33.Nb2 Nd5 34.Ke2 Kf7 35.Kd3 b5 36.f3 g5 37.Bf2 Ke7
38.Bg3 Kd7 39.h4 gxh4 40.Bxh4 Nf4+ 41.Kd2 f5 42.Bg3 Nd5 43.Be5 fxg4  1/2-1/2

[Event "Goch op"]
[Site "Goch"]
[Date "1996.??.??"]
[Round "5"]
[White "Ennenbach, Ralph"]
[Black "Vogel, Christian"]
[Result "0-1"]
[WhiteElo "2240"]
[BlackElo "2020"]

1.e4 c5 2.Nf3 d6 3.Bb5+ Bd7 4.Bxd7+ Qxd7 5.O-O Nc6 6.c3 Nf6 7.d4 cxd4 8.cxd4 d5
9.e5 Ne4 10.Ne1 h6 11.f3 Ng5 12.Nc3 Rc8 13.f4 Ne6 14.Be3 g6 15.Rc1 Ng7 16.Nf3 Nf5
17.Bf2 h5 18.Nh4 e6 19.Nxf5 gxf5 20.Bh4 Nxd4 21.Bf6 Rh7 22.Kh1 Nc6 23.Rf3 Be7
24.Nb5 Bf8 25.Rg3 a6 26.Nc3 Ne7 27.Ne2 Rxc1 28.Qxc1 Rh6 29.Rc3 Nc6 30.Nd4 Be7
31.Nxc6 bxc6 32.Rxc6 Rxf6 33.Rc8+ Bd8 34.exf6 d4 35.Qc5 d3 36.Rc6 d2 37.Rd6 d1=Q+  0-1

[Event "Goetzis-B"]
[Site "Goetzis"]
[Date "1996.??.??"]
[Round "5"]
[White "Stanojevic, Stanimir"]
[Black "Dobosz, Henryk"]
[Result "0-1"]
[WhiteElo "2195"]
[BlackElo "2375"]

1.e4 c5 2.Nf3 d6 3.Bb5+ Nc6 4.c3 Nf6 5.O-O Nxe4 6.Qa4 Nf6 7.Bxc6+ bxc6 8.Qxc6+ Bd7
9.Qa6 Qb6 10.Qxb6 axb6 11.d4 Bc6 12.Nbd2 e6 13.Re1 h6 14.h3 Be7 15.c4 O-O
16.d5 Bd7 17.b3 Bd8 18.dxe6 fxe6 19.Bb2 e5 20.a4 Bc7 21.Rad1 Bc6 22.Nh2 Rad8
23.Nhf1 Nh5 24.Ne3 Nf4 25.Nb1 Ne6 26.Nd5 Rd7 27.Rd3 Bd8 28.Nbc3 Nd4 29.Nb5 Bxd5
30.cxd5 Bh4 31.Bxd4 exd4 32.g3 Be7 33.g4 Bh4 34.Re2 Rf6 35.Kg2 Rdf7 36.f3 Bg5
37.Re8+ Kh7 38.Re6 Rxe6 39.dxe6 Re7 40.Nxd6 Rxe6 41.Ne4 Rc6 42.Nd2 Bxd2 43.Rxd2 Re6
44.b4 Rd6 45.a5 c4 46.axb6 d3 47.Kf2 c3 48.b7 cxd2 49.b8=Q Rg6 50.h4 d1=Q
51.h5 Rf6 52.Qb7 Qe2+ 53.Kg3 d2 54.g5 Qxf3+  0-1

[Event "Gran Canaria op"]
[Site "Gran Canaria"]
[Date "1996.??.??"]
[Round "?"]
[White "Petermann, Hubert"]
[Black "Van der Wiel, John TH"]
[Result "0-1"]
[WhiteElo "2185"]
[BlackElo "2535"]

1.e4 c5 2.Nf3 d6 3.Bb5+ Bd7 4.Bxd7+ Nxd7 5.O-O Ngf6 6.Qe2 e6 7.c3 Be7 8.Rd1 O-O
9.d4 d5 10.exd5 exd5 11.Bg5 Re8 12.Nbd2 Qb6 13.Nf1 Bd6 14.Qc2 c4 15.Re1 Ne4
16.Ne3 Qc6 17.Nf5 Bf8 18.Ng3 Nxg5 19.Nxg5 g6 20.Re2 Rxe2 21.Qxe2 Nf6 22.Re1 Re8
23.Qd1 b5 24.Rxe8 Nxe8 25.Qf3 Nf6 26.Nf1 h6 27.Nh3 Qe6 28.Nf4 Qf5 29.g4 Qe4
30.Qxe4 dxe4 31.Ne3 Bd6 32.Nfd5 Kg7 33.h3 Nxd5 34.Nxd5 f5 35.gxf5 gxf5 36.a4 a6
37.axb5 axb5 38.f3 Kf7 39.Kf2 Ke6 40.fxe4 fxe4 41.Ne3 Bf4 42.Ke2 Kd6 43.Nf5+ Kd5
44.Ne3+ Kc6 45.Kf2 Bg5 46.Ke2 Kb6 47.Nd1 Bc1 48.Nf2 Kc6 49.Nxe4 Kd5 50.Nf6+ Ke6
51.Ne4 Bxb2 52.Kd2 Ba3 53.Nf2 Kf5 54.Ng4 h5 55.Ne3+ Kf4 56.Nd5+ Kg3 57.Ke3 h4
58.Nb4 Kxh3 59.Kf4 Bxb4 60.cxb4 c3 61.Ke3 Kg4  0-1

[Event "Graz op"]
[Site "Graz"]
[Date "1996.??.??"]
[Round "?"]
[White "Lendwai, Reinhard"]
[Black "Zumtobel, Thomas"]
[Result "1-0"]
[WhiteElo "2375"]
[BlackElo "2140"]

1.e4 c5 2.Nf3 d6 3.Bb5+ Nd7 4.O-O e6 5.c4 Nf6 6.Nc3 Be7 7.d4 cxd4 8.Qxd4 O-O
9.Bxd7 Bxd7 10.Bg5 Bc6 11.Rfe1 a6 12.a4 Qa5 13.Rab1 Qb4 14.Nd5 Bxd5 15.cxd5 Qxd4
16.Nxd4 h6 17.Bf4 exd5 18.Nf5 Rfe8 19.exd5 Nxd5 20.Nxe7+ Rxe7 21.Rxe7 Nxe7
22.Bxd6 Nf5 23.Be5 Re8 24.Bc3 Rd8 25.Kf1 f6 26.Re1 Kf7 27.Re4 Nd6 28.Rd4 Ke6
29.Ke2 Rd7 30.g4 b5 31.h4 Nc4 32.Re4+ Kf7 33.b3 Nd6 34.Rf4 bxa4 35.bxa4 Rc7
36.Kd3 Rc6 37.Rb4 Rc7 38.Rb6 Ke7 39.Bb4 Rd7 40.Rxa6  1-0

[Event "Graz op"]
[Site "Graz"]
[Date "1996.??.??"]
[Round "?"]
[White "Chudinovskih, Alexander"]
[Black "Wojtkiewicz, Aleksander"]
[Result "1/2-1/2"]
[WhiteElo "2290"]
[BlackElo "2550"]

1.e4 c5 2.Nf3 d6 3.Bb5+ Bd7 4.Bxd7+ Qxd7 5.c4 Nf6 6.Nc3 Nc6 7.O-O e6 8.d4 cxd4
9.Nxd4 Be7 10.Be3 O-O 11.Qe2 Rfd8  1/2-1/2

[Event "SLO-ch"]
[Site "Grize"]
[Date "1996.??.??"]
[Round "?"]
[White "Grosar, Aljosa"]
[Black "Tratar, Marko"]
[Result "1-0"]
[WhiteElo "2485"]
[BlackElo "2420"]

1.e4 c5 2.Nf3 d6 3.Bb5+ Nd7 4.d4 Nf6 5.Nc3 a6 6.Bxd7+ Nxd7 7.Bg5 h6 8.Bh4 g5
9.Bg3 Bg7 10.h3 cxd4 11.Nxd4 Qb6 12.Nf5 Bxc3+ 13.bxc3 Nf6 14.Qd3 Qc6 15.O-O Bxf5
16.exf5 Qd5 17.Rab1 Qxd3 18.cxd3 O-O-O 19.Rfe1 Rd7 20.c4 Nh5 21.Bh2 Ng7 22.g4 e6
23.Rb6 Rhd8 24.c5 dxc5 25.Reb1 Rxd3 26.Kg2 Rd1 27.R1b3 R1d3 28.Rxb7 Rxb3
29.Rc7+ Kb8 30.axb3  1-0

[Event "Koop Tjuchem op"]
[Site "Groningen"]
[Date "1996.??.??"]
[Round "7"]
[White "Baklan, Vladimir"]
[Black "Grooten, Herman"]
[Result "1-0"]
[WhiteElo "2525"]
[BlackElo "2375"]

1.e4 c5 2.Nf3 d6 3.Bb5+ Nd7 4.d4 cxd4 5.Qxd4 a6 6.Bxd7+ Bxd7 7.Bg5 Nf6 8.Nc3 e6
9.O-O-O Be7 10.e5 dxe5 11.Nxe5 Bb5 12.Qf4 Qc7 13.Ne4 Rc8 14.c3 Bc6 15.Bxf6 gxf6
16.Nxf6+ Bxf6 17.Qxf6 Rg8 18.Rd7 Qxd7 19.Nxd7 Bxd7 20.g3 Rg6 21.Qh8+ Ke7
22.Qxh7 Rc4 23.Rd1 Bc6 24.f4 Bd5 25.f5 Rg5 26.fxe6 Bxe6 27.Qh8 Bd5 28.h4 Rf5
29.h5 Re4 30.h6 Re2 31.Qc8 Rh5 32.g4 Be4 33.Qd8+  1-0

[Event "Koop Tjuchem op"]
[Site "Groningen"]
[Date "1996.??.??"]
[Round "9"]
[White "Van den Doel, Erik"]
[Black "Grooten, Herman"]
[Result "1-0"]
[WhiteElo "2440"]
[BlackElo "2375"]

1.e4 c5 2.Nf3 d6 3.Bb5+ Nc6 4.O-O Bd7 5.Re1 a6 6.Bf1 Bg4 7.c3 g6 8.d4 Bg7
9.dxc5 dxc5 10.Qxd8+ Rxd8 11.Be3 Bxf3 12.gxf3 Ne5 13.Be2 Nd7 14.a4 Bh6 15.Ra3 Bxe3
16.fxe3 Ngf6 17.Rb3 Rb8 18.Nd2 Kd8 19.Nc4 Kc7 20.Rd1 Rhd8 21.e5 Ne8 22.f4 f6
23.Rd5 e6 24.Rd1 fxe5 25.fxe5 b6 26.Kg2 b5 27.axb5 axb5 28.Na3 b4 29.cxb4 Nxe5
30.Nb5+ Kc6 31.Na7+ Kc7 32.Nb5+ Kc6 33.Rxd8 Rxd8 34.bxc5 Rd2 35.Nd4+ Kxc5
36.Rb8 Kd5 37.Rxe8 Rxb2 38.Kg3 Ke4 39.Rxe6 Kxe3 40.Nf3 Kxe2 41.Rxe5+ Kd3
42.Re7  1-0

[Event "Haifa"]
[Site "Haifa"]
[Date "1996.??.??"]
[Round "3"]
[White "Yudasin, Leonid"]
[Black "Svidler, Peter"]
[Result "1-0"]
[WhiteElo "2635"]
[BlackElo "2630"]

1.e4 c5 2.Nf3 d6 3.Bb5+ Nd7 4.d4 cxd4 5.Qxd4 h6 6.Nc3 Nf6 7.O-O e5 8.Qd3 a6
9.Bxd7+ Bxd7 10.Nd2 b5 11.a3 Be6 12.Re1 Qa5 13.b3 Rd8 14.Bb2 Be7 15.Nf1 O-O
16.Ne3 Qc7 17.Rad1 Rc8 18.Re2 Qc5 19.a4 b4 20.Ncd5 Nxd5 21.exd5 Bd7 22.Qxa6 f5
23.Nc4 f4 24.Ree1 Bf5 25.Rd2 f3 26.Bd4 exd4 27.Rxe7 d3 28.cxd3 Qd4 29.Rd1 fxg2
30.Qa7 Qf6 31.Qe3 Bg4 32.Re1 Bf3 33.Nb6 Rcd8 34.a5 Qh4 35.a6 Kh7 36.a7 Rf5
37.Re4 Bxe4 38.dxe4 Rff8 39.Ra1 Qf6 40.e5  1-0

[Event "Hamburg HSK"]
[Site "Hamburg"]
[Date "1996.??.??"]
[Round "2"]
[White "Fries Nielsen, Jens Ove"]
[Black "Wahls, Matthias"]
[Result "1/2-1/2"]
[WhiteElo "2425"]
[BlackElo "2540"]

1.e4 c5 2.Nf3 d6 3.Bb5+ Bd7 4.Bxd7+ Qxd7 5.O-O Nc6 6.Qe2 Nf6 7.b3 g6 8.Bb2 Bg7
9.Nc3 O-O 10.Rab1 e5 11.d3 Rfe8 12.a3 d5 13.Nxd5 Nxd5 14.exd5 Qxd5 15.Rfe1 Rad8
16.Rbd1 h6 17.h3 Re6 18.Qe4 Qd6 19.Nd2 b5 20.Nf3 Qc7 21.c4 a6 22.Qe2 Qb6
23.Rb1 Rd7 24.Qc2 b4 25.a4 Qd8 26.Re3 h5 27.Ne1 f5 28.Re2 Red6 29.Ra1 Bf6
30.Qc1 Re7 31.Qb1 Qd7 32.Qc2 g5 33.Rd1 g4 34.Qc1 Rg7 35.h4 Bxh4 36.Bxe5 Re6
37.Qf4 Rge7 38.d4 cxd4 39.Nd3 Nxe5 40.Rxe5 Rxe5 41.Nxe5 Qd6 42.Nd3 Qxf4 43.Nxf4 g3
44.fxg3 Bxg3 45.Nxh5 Be5 46.Kf2 Kf7 47.Rd3 Ke6 48.g3 Rh7 49.Nf4+ Kd6 50.Kg2 Rg7
51.Kf3 Kc5 52.Ne2 Rh7 53.Kg2 Rg7 54.Kf2 Rd7 55.Kf3 Rf7 56.Rd1 Rg7 57.Kf2 a5
58.Rd3 Rh7 59.Kg2 Rh5 60.Rf3 Kd6 61.Rd3 Kc5 62.Rf3 Kd6 63.Rd3  1/2-1/2

[Event "Helsinki op"]
[Site "Helsinki"]
[Date "1996.??.??"]
[Round "?"]
[White "Keskisarja, Teemu"]
[Black "Johansson, Jan"]
[Result "1-0"]
[WhiteElo "2275"]
[BlackElo "2365"]

1.e4 c5 2.Nf3 d6 3.Bb5+ Bd7 4.Bxd7+ Qxd7 5.O-O Nc6 6.c3 Nf6 7.d4 cxd4 8.cxd4 g6
9.Nc3 Bg7 10.d5 Nb8 11.e5 dxe5 12.Nxe5 Qd6 13.Bf4 Nh5 14.Qa4+ Kf8 15.Nb5 Qa6
16.Qc4 Bxe5 17.Bh6+  1-0

[Event "FIN-ch"]
[Site "Helsinki"]
[Date "1996.??.??"]
[Round "2"]
[White "Salmensuu, Olli"]
[Black "Lassila, Erkki"]
[Result "1-0"]
[WhiteElo "2280"]
[BlackElo "2190"]

1.e4 c5 2.Nf3 d6 3.Bb5+ Bd7 4.Bxd7+ Qxd7 5.c4 Nc6 6.d4 cxd4 7.Nxd4 Nf6 8.Nc3 e6
9.O-O Be7 10.b3 O-O 11.Bb2 a6 12.Nxc6 Qxc6 13.Qe2 Rab8 14.Rac1 Rfd8 15.Rfd1 Qc5
16.Na4 Qc6 17.Nc3 Ne8 18.Rd3 Bg5 19.Rf1 b5 20.cxb5 axb5 21.Rg3 Bf4 22.Rh3 Rdc8
23.Nd1 Qc2 24.Re1 Bd2 25.Bc3 Bxc3 26.Qxc2 Bxe1 27.Qb2 Nf6 28.Re3 Ba5 29.Re2 Bb6
30.Kf1 Rc5 31.e5 dxe5 32.Rxe5 Nd5 33.Re2 Rbc8 34.g3 Rc1 35.Rd2 Ba5 36.Rd3 h6
37.Kg2 Nb4 38.Rd7 Nd5 39.Qe2 R8c2 40.Qf3 Nf6 41.Ne3 Rxa2 42.Ra7 Rca1 43.Qa8+ Kh7
44.b4  1-0

[Event "Helsinki HSK op"]
[Site "Helsinki"]
[Date "1996.??.??"]
[Round "3"]
[White "Kulaots, Kaido"]
[Black "Hamalainen, Sami"]
[Result "1-0"]
[WhiteElo "2400"]
[BlackElo "2130"]

1.e4 c5 2.Nf3 d6 3.Bb5+ Nd7 4.d4 cxd4 5.Qxd4 Nf6 6.O-O e5 7.Qd3 Be7 8.Bxd7+ Bxd7
9.c4 h6 10.Nc3 a6 11.a4 O-O 12.b3 Bc6 13.Re1 Qd7 14.Nd2 Nh5 15.Nf1 Nf4 16.Bxf4 exf4
17.Nd5 Bxd5 18.Qxd5 Qc6 19.Rad1 Qb6 20.Rd3 Qb4 21.Red1 g6 22.e5 dxe5 23.Qxe5 Bg5
24.Nd2 Rfe8 25.Qd6 Qa5 26.Qd5 Qb4 27.Qf3 Rad8 28.Rxd8 Rxd8 29.Ne4 Re8 30.Kf1 b5
31.axb5 axb5 32.Nd6 Re6 33.Nxb5 Rb6 34.Rd7 Re6 35.Qc3 Qf8 36.Nc7 Rd6 37.Rxd6 Qxd6
38.Nd5 Qe6 39.Qf3 Qf5 40.g3 Qb1+ 41.Kg2 fxg3 42.hxg3 Qb2 43.Nb4 Qd2 44.Nc6 Qd6
45.b4 h5 46.c5 Qd2 47.b5 h4 48.Ne5 f5 49.Qb3+ Kh8 50.Qf7  1-0

[Event "FIN-ch"]
[Site "Helsinki"]
[Date "1996.??.??"]
[Round "4"]
[White "Kokkila, Tero"]
[Black "Lassila, Erkki"]
[Result "1-0"]
[WhiteElo "2210"]
[BlackElo "2190"]

1.e4 c5 2.Nf3 d6 3.Bb5+ Bd7 4.Bxd7+ Qxd7 5.O-O Nc6 6.c3 Nf6 7.d4 cxd4 8.cxd4 d5
9.e5 Ne4 10.Be3 e6 11.Ne1 f6 12.f3 Ng5 13.Nc3 Be7 14.exf6 Bxf6 15.Bxg5 Bxg5
16.f4 Bf6 17.Nf3 O-O 18.Qd3 Qc7 19.f5 Nxd4 20.Nxd4 Qc5 21.Rad1 e5 22.Nxd5 Qxd5
23.Ne6 Qxd3 24.Rxd3 Rf7 25.g4 e4 26.Rd2 Re8 27.Re1 h5 28.h3 g6 29.Rxe4 gxf5
30.gxf5 Kh8 31.Rg2 Be7 32.Rf2 Bd8 33.Kf1 Bb6 34.Rf3 Rf6 35.Ke2 Rg8 36.Rh4 Rg2+
37.Kd3 Kg8 38.Rxh5 Kf7 39.Rh7+ Ke8 40.Rxb7 Rf7 41.Rxf7 Kxf7 42.Kc3 Kf6 43.a4 Bf2
44.Kc4 Be1 45.b3 Bh4 46.Kb5 Rd2 47.Nc5 Ke5 48.f6 Rd5 49.f7 Be7 50.b4 Bf8
51.Kc6  1-0